Ulice w Gdańsku zaczynające się na C lub Ć - Statystyki

Ogólne statystyki
  • Ten quiz został rozwiązany 10 razy
  • Średni wynik to 12 z 71
Statystyki odpowiedzi
Odpowiedź % Poprawnych
Czarna
67%
Cedrowa
50%
Czereśniowa
50%
Czerwcowa
50%
Ceglana
33%
Cementowa
33%
Charzykowska
33%
Chopina
33%
Ciasna
33%
Cicha
33%
Cisowa
33%
Cystersów
33%
Czarny Dwór
33%
Czecha
33%
Czerska
33%
Czerwony Dwór
33%
Cebertowicza
17%
Centaura
17%
Ceynowy
17%
Chabrowa
17%
Chałubińskiego
17%
Chemików
17%
Chłodna
17%
Chmielna
17%
Choczewska
17%
Chodkiewicza
17%
Chodowieckiego
17%
Chrobrego
17%
Chwaszczyńska
17%
Chychły
17%
Ciechanowska
17%
Cienista
17%
Cieplewska
17%
Ciesielska
17%
Cieszyńskiego
17%
Ciołkowskiego
17%
Cmentarna
17%
Cumowników
17%
Ćwiklińskiej
17%
Cybulskiego
17%
Cygańska Góra
17%
Cyprysowa
17%
Czarnieckiego
17%
Czeremchowa
17%
Czermińskiego
17%
Częstochowska
17%
Człuchowska
17%
Czopowa
17%
Czyżewskiego
17%
Cefeusza
0%
Cerery
0%
Charpantiera
0%
Chełmińska
0%
Chełmońskiego
0%
Chirona
0%
Chlebnicka
0%
Chłopska
0%
Chociszewskiego
0%
Chodackiego
0%
Chojnicka
0%
Chrzanowskiego
0%
Cieślaka
0%
Cietrzewia
0%
Cytrowa
0%
Czajki
0%
Czajkowskiego
0%
Czaplewska
0%
Czarnowskiego
0%
Czirenberga
0%
Czubińskiego
0%
Czyżyków
0%
Nie znaleziono quizów pasujących do podanych kryteriów
Rozkład punktacji
Procent ludzi z każdym wynikiem
Percentyl według liczby udzielonych odpowiedzi
Twoja historia wyników
Nie rozwiązałeś tego quizu